Central Library OPAC University of Rajshahi

New trends in 20th century drama : (Record no. 20047)

MARC details
000 -LEADER
fixed length control field 00915nam a2200277 4500
001 - CONTROL NUMBER
control field 20047
003 - CONTROL NUMBER IDENTIFIER
rucl marc code BD-RjUL
005 - DATE AND TIME OF LATEST TRANSACTION
control field 20211209000520.0
008 - FIXED-LENGTH DATA ELEMENTS--GENERAL INFORMATION
fixed length control field 140226s19731972enkc b 001 1 eng
020 ## - INTERNATIONAL STANDARD BOOK NUMBER
International Standard Book Number 0214668010
035 ## - SYSTEM CONTROL NUMBER
System control number (BD-RjUL)20109
040 ## - CATALOGING SOURCE
Original cataloging agency DLC
Transcribing agency DLC
Modifying agency BD-RjUL
Language of cataloging eng
041 ## - LANGUAGE CODE
Language code of text/sound track or separate title eng
082 00 - DEWEY DECIMAL CLASSIFICATION NUMBER
Classification number 809.204
Author mark and year LUN 1973
100 1# - MAIN ENTRY--PERSONAL NAME
Personal name Lumley, Frederick
Dates associated with a name 1927-
9 (RLIN) 61697
245 10 - TITLE STATEMENT
Title New trends in 20th century drama :
Remainder of title a survey since Ibsen and Shaw /
Statement of responsibility, etc. Frederick Lumley
250 ## - EDITION STATEMENT
Edition statement 4th (revised) ed.
260 ## - PUBLICATION, DISTRIBUTION, ETC. (IMPRINT)
Place of publication, distribution, etc. London :
Name of publisher, distributor, etc. Barrie and Jenkins,
Date of publication, distribution, etc. c1972 [reprint 1973].
300 ## - PHYSICAL DESCRIPTION
Pagination 418 p. :
Illustrations ill.,ports. ;
Size 22 cm.
500 ## - GENERAL NOTE
General note First-2d editions published under title: Trends in 20th century drama.
504 ## - BIBLIOGRAPHY, ETC. NOTE
Bibliography, etc Includes bibliography and index.
650 #0 - SUBJECT ADDED ENTRY--TOPICAL TERM
Topical term or geographic name as entry element Drama
Chronological subdivision 20th century
General subdivision History and criticism.
9 (RLIN) 61698
942 ## - ADDED ENTRY ELEMENTS (KOHA)
Source of classification or shelving scheme Dewey Decimal Classification
Koha item type Books
Holdings
Lost status Source of classification or shelving scheme Damaged status Not for loan Collection code Permanent Location Current Location Shelving location Date acquired Source of acquisition Cost, normal purchase price Total Checkouts Full call number Date last seen Copy number Koha item type
  Dewey Decimal Classification   Not For Loan Fiction Central Library, University of Rajshahi Central Library, University of Rajshahi Reading Room 09/01/1975 Jonathan 3.50   809.204 LUN 1973 26/02/2014 C-1 Books